Normal view
MARC view
Entry Personal Name
001 - CONTROL NUMBER
- control field: 1236526
003 - CONTROL NUMBER IDENTIFIER
- control field: OSt
005 - DATE AND TIME OF LATEST TRANSACTION
- control field: 20260430150123.0
008 - FIXED-LENGTH DATA ELEMENTS
- fixed length control field: 260430|| aca||aabn | a|a d
040 ## - CATALOGING SOURCE
- Original cataloging agency: OSt
- Transcribing agency: OSt
100 ## - HEADING--PERSONAL NAME
- Personal name: Lalropuia K.C. Au.; Khaitan Vandana Gu
670 ## - SOURCE DATA FOUND
- Source citation: Work cat.: (OSt)1848998: Lalropuia K.C. Au.; Khaitan Vandana Gu., Game theoretic and stochastic modeling of denial of service (DoS) attack and its impact on network dependability, 2021
